Predpoklady zapájania malých a stredných podnikov do procesu globalizácie a integrácie ekonomických vzťahov
Podmienky prežitia malých a stredných podnikov v procese globalizácie a integrácie SR do EÚ. Globalizácia vzťahov štátov a podnikateľských subjektov. Charakteristika globalizačných a integračných procesov v rámci Európskej únie. Národný program pre implementáciu acquis communautaire z aspektu malého...
Salvato in:
| Autore principale: | |
|---|---|
| Natura: | Capitolo di libro |
| Lingua: | slovacco |
| Soggetti: | |
| Tags: |
Nessun Tag, puoi essere il primo ad aggiungerne!!
|
MARC
| LEADER | 00000naa a2200000 4500 | ||
|---|---|---|---|
| 001 | r041601 | ||
| 005 | 20231003111821.4 | ||
| 041 | 0 | |a slo | |
| 044 | |a SK | ||
| 245 | 1 | 0 | |a Predpoklady zapájania malých a stredných podnikov do procesu globalizácie a integrácie ekonomických vzťahov |c Viera Marková |
| 520 | |a Podmienky prežitia malých a stredných podnikov v procese globalizácie a integrácie SR do EÚ. Globalizácia vzťahov štátov a podnikateľských subjektov. Charakteristika globalizačných a integračných procesov v rámci Európskej únie. Národný program pre implementáciu acquis communautaire z aspektu malého a stredného podnikania. Prístupy k dosiahnutiu priorít obsiahnutých v národnom programe pre oblasť malého a stredného podnikania. | ||
| 610 | 2 | 0 | |a podnik malý |
| 610 | 2 | 0 | |a podnik stredný |
| 610 | 2 | 0 | |a globalizácia |
| 610 | 2 | 0 | |a integrácia ekonomická medzinárodná |
| 610 | 2 | 0 | |a vzťahy ekonomické |
| 610 | 2 | 0 | |a Európska únia |
| 610 | 2 | 0 | |a podpora podnikania |
| 610 | 2 | 0 | |a Slovensko |
| 610 | 2 | 0 | |a konkurencieschopnosť |
| 100 | 1 | |a Marková, Viera | |